书目信息 |
| 题名: |
农村有线广播
|
|
| 作者: | ;农村有线广播编写组 编写 | |
| 分册: | ||
| 出版信息: | 北京 科学出版社 1982 |
|
| 页数: | 596页 | |
| 开本: | 21cm | |
| 丛书名: | ||
| 单 册: | ||
| 中图分类: | TN933 | |
| 科图分类: | ||
| 主题词: | 有线电广播系统-农村 , 农村-有线电广播系统 | |
| 电子资源: | ||
| ISBN: | ||
| 000 | 00769nam0 2200253 45 | |
| 001 | 0182006451 | |
| 005 | 20060420144336.06 | |
| 010 | @dCNY2.40 | |
| 091 | @a15031.395 | |
| 100 | @a19950530d1982 em y0chiy0121 ea | |
| 101 | 0 | @achi |
| 102 | @aCN@b110000 | |
| 105 | @ay z 000yy | |
| 200 | 10 | @a农村有线广播@Anong cun you xian guang bo@f农村有线广播编写组编写@Fnong cun you xian guang bo bian xie zu bian xie |
| 205 | @a2版 | |
| 210 | @a北京@c科学出版社@d1982 | |
| 215 | @a596页@d21cm | |
| 606 | @a有线电广播系统-农村 | |
| 606 | @a农村-有线电广播系统 | |
| 690 | @aTN933@v3 | |
| 711 | 0 | @a农村有线广播编写组@Anong cun you xian guang bo bian xie zu@4编写 |
| 801 | 2 | @aCN@bNLC@c20060420 |
| 801 | 0 | @aCN@b上海图书馆@c20040517 |
| 905 | @f1@b146565@dTN933@e6=2 | |
| 农村有线广播/农村有线广播编写组编写.-2版.-北京:科学出版社,1982 |
| 596页;21cm |
| ISBN :CNY2.40 |
| ● |
| 相关链接 |
|
|
|
|
正题名:农村有线广播
索取号:TN933/6=2
 
预约/预借
| 序号 | 登录号 | 条形码 | 馆藏地/架位号 | 状态 | 备注 |
| 1 | 0146565 | 001324356 | 第三借阅区/ [索取号:TN933/6=2] | 在馆 | |
| 2 | 0146566 | 202254238 | 密集书库/ [索取号:TN933/6=2] | 在馆 | |
| 3 | 0146567 | 001324392 | 第二样本阅览室/ [索取号:TN933/6=2] | 在馆 |